000 00807nam a2200289Ia 4500
001 Para_158
003 CHAP
008 220125s1987 xx 000 0 und d
010 _a198676
040 _cCHAP
090 _aPA FOLLETO 3127
100 _aMcKeown, A.
_9163962
245 _aAtlantic, norchip and monona potatoes /
_c by A. Mckeown, R. Coffin and S. Squire
260 _aOntario, Canada :
_b Ministry of Agriculture and Food
300 _a4 p.
410 _aFactsheet; 257
650 _aPapa
_x Variedades
_985300
700 _aI. Coffin, R.
_9163963
700 _aII. Squire S.
_9163964
901 _aPA FOLLETO 3127
902 _aA
905 _a0000001987 a 0000000000 00
910 _a1987
942 _cPARA
942 _cPARA
_d1
999 _c198676
_d198676